000
00323nam a2200121Ia 4500
008
150201s2010 xx 000 0 und d
082
_a
612.015
_b
B10P
100
_a
PUROHIT,SS
245
_a
BIOCHEMISTRY FUNDAMENTALS AND APPLICATIONS
260
_b
STUDENT EDITION
_a
JOTHPUR
_c
2010
650
_a
BIOCHEMISTRY
942
_2
ddc
_c
BK
_0
1
999
_c
898
_d
898